|
|
|
|
| LEADER |
00000nam0a2200000 4500 |
| 001 |
305789 |
| 005 |
20231102001832.0 |
| 035 |
|
|
|a (RuTPU)RU\TPU\book\331061
|
| 090 |
|
|
|a 305789
|
| 100 |
|
|
|a 20150930d1983 km y0rusy50 ca
|
| 101 |
0 |
|
|a rus
|
| 102 |
|
|
|a RU
|
| 105 |
|
|
|a a z 001zy
|
| 200 |
1 |
|
|a Водоснабжение в сельской местности в особых условиях
|f П. А. Кошелев, С. Н. Савинов
|
| 210 |
|
|
|a Москва
|c Стройиздат
|d 1983
|
| 215 |
|
|
|a 72 с.
|c ил.
|
| 320 |
|
|
|a Библиогр.: с. 71
|
| 606 |
1 |
|
|a Водоснабжение сельское
|2 stltpush
|3 (RuTPU)RU\TPU\subj\3045
|9 31509
|
| 610 |
1 |
|
|a особые условия
|
| 610 |
1 |
|
|a водопотребление
|
| 610 |
1 |
|
|a качество
|
| 610 |
1 |
|
|a расчетные нормативы
|
| 610 |
1 |
|
|a источники водоснабжения
|
| 610 |
1 |
|
|a водозаборы
|
| 610 |
1 |
|
|a подземные воды
|
| 610 |
1 |
|
|a подземные водонапорные системы
|
| 610 |
1 |
|
|a хранение
|
| 610 |
1 |
|
|a транспортировка
|
| 610 |
1 |
|
|a защита
|
| 675 |
|
|
|a 628.17
|v 4
|
| 700 |
|
1 |
|a Кошелев
|b П. А.
|g Петр Алексеевич
|
| 701 |
|
1 |
|a Савинов
|b С. Н.
|g Сергей Николаевич
|
| 801 |
|
1 |
|a RU
|b 63413507
|c 20150930
|
| 801 |
|
2 |
|a RU
|b 63413507
|c 20190529
|g RCR
|
| 942 |
|
|
|c BK
|